[Event "Sochi Doroshkevich Amateur op"]
[Site "Sochi"]
[Date "2017.12.21"]
[Round "1"]
[White "Tyunin, Vladislav"]
[Black "Rozmanov, Aleksandr"]
[Result "1-0"]
[WhiteElo "2280"]
[BlackElo "2011"]
[PlyCount "101"]
[EventDate "2017.12.21"]
[EventType "swiss"]
[EventRounds "9"]
[EventCountry "RUS"]
[SourceTitle "CBM 182 Extra"]
[Source "ChessBase"]
[SourceDate "2018.02.23"]
[SourceVersion "1"]
[SourceVersionDate "2018.02.23"]
[SourceQuality "1"]

1. e4 e5 2. Nf3 Nc6 3. Bb5 a6 4. Ba4 Nf6 5. 0-0 b5 6. Bb3 Bc5 7. c3 d6 8. d4 Bb6 9. Be3 Bg4 10. dxe5 Bxf3 11. gxf3 Bxe3 12. fxe3 dxe5 13. Qe2 0-0 14. Nd2 Na5 15. Bc2 c5 16. b4 Nb7 17. a4 c4 18. Ra2 Nh5 19. Rfa1 Qg5+ 20. Kh1 Qh6 21. Nf1 Rae8 22. axb5 axb5 23. Ra7 Nd6 24. R1a6 Re6 25. Ra8 Rg6 26. Rxf8+ Kxf8 27. Ra8+ Ke7 28. f4 Ne8 29. fxe5 Qg5 30. Ra7+ Nc7 31. Qf2 Qxe5 32. Qf5 Qxf5 33. exf5 Rc6 34. Be4 Kd6 35. Bxc6 Kxc6 36. Kg2 Nd5 37. Ra6+ Kd7 38. Ra3 Kd6 39. Kf3 Ke5 40. e4 Nc7 41. Ra7 Kd6 42. Ng3 Nxg3 43. hxg3 g6 44. g4 f6 45. Ke3 gxf5 46. gxf5 Kc6 47. Kd4 Kd6 48. Ra2 Ne8 49. Rh2 Nc7 50. Rxh7 Nd5 51. Rd7+ 1-0

[Event "Krasnodar Region-ch"]
[Site "Krasnodar"]
[Date "2014.10.06"]
[Round "4"]
[White "Tyunin, Vladislav"]
[Black "Gorobets, Sergey"]
[Result "1-0"]
[WhiteElo "2206"]
[BlackElo "1967"]
[PlyCount "67"]
[EventDate "2014.10.03"]
[EventType "swiss"]
[EventRounds "9"]
[EventCountry "RUS"]
[SourceTitle "EXT 2015"]
[Source "ChessBase"]
[SourceDate "2014.11.20"]
[SourceVersion "1"]
[SourceVersionDate "2014.11.20"]
[SourceQuality "1"]

1. e4 c6 2. d4 d5 3. exd5 cxd5 4. Bd3 Nc6 5. c3 Nf6 6. Bf4 Bg4 7. Qb3 Na5 8. Qa4+ Bd7 9. Qc2 Rc8 10. Nd2 Nc6 11. Qb1 Bg4 12. Ngf3 e6 13. Ne5 Nxe5 14. dxe5 Nd7 15. Bxh7 Qc7 16. h3 g5 17. Bg3 Bh5 18. Bc2 d4 19. Ne4 dxc3 20. bxc3 Bg6 21. 0-0 Bxe4 22. Bxe4 b6 23. Rd1 a6 24. Bd3 Nc5 25. Bxa6 Nxa6 26. Qb5+ Qc6 27. Qxa6 Bc5 28. Qe2 Ra8 29. Rd3 Ra4 30. Rad1 Be7 31. Qd2 Kf8 32. Rd8+ Bxd8 33. Qxd8+ Qe8 34. Qf6 1-0

[Event "Krasnodar Region-ch"]
[Site "Krasnodar"]
[Date "2014.10.03"]
[Round "1"]
[White "Chechetko, Georgy"]
[Black "Tyunin, Vladislav"]
[Result "0-1"]
[WhiteElo "1769"]
[BlackElo "2206"]
[PlyCount "72"]
[EventDate "2014.10.03"]
[EventType "swiss"]
[EventRounds "9"]
[EventCountry "RUS"]
[SourceTitle "EXT 2015"]
[Source "ChessBase"]
[SourceDate "2014.11.20"]
[SourceVersion "1"]
[SourceVersionDate "2014.11.20"]
[SourceQuality "1"]

1. e4 c5 2. Nf3 e6 3. d4 cxd4 4. Nxd4 Nf6 5. Nc3 d6 6. Be3 Be7 7. Be2 Nc6 8. 0-0 0-0 9. Kh1 Bd7 10. f4 a6 11. g4 Nxd4 12. Bxd4 Bc6 13. Bf3 Nd7 14. Qd2 b5 15. Rad1 Qc7 16. Ne2 Qb7 17. Qe3 e5 18. Bc3 b4 19. Be1 Nc5 20. Ng3 Ne6 21. fxe5 dxe5 22. c3 Bc5 23. Qc1 Bb5 24. c4 Bc6 25. Bf2 Bxf2 26. Rxf2 Rad8 27. Rfd2 Rd4 28. Rxd4 Nxd4 29. Qe3 g6 30. Rd2 Qe7 31. Ne2 Ne6 32. b3 Qh4 33. Rd1 Ng5 34. Ng3 Bb7 35. Qe2 Bc8 36. Qe3 Nxf3 0-1